| 000 | 00629nam a2200253Ia 4500 | ||
|---|---|---|---|
| 003 | OSt | ||
| 005 | 20221007103655.0 | ||
| 006 | a|||||r|||| 00| 0 | ||
| 007 | ta | ||
| 008 | 221006b |||||||| |||| 00| 0 eng d | ||
| 024 | _a13,712 | ||
| 037 | _cTextual | ||
| 040 |
_aLCO _cLCO _beng |
||
| 041 |
_2eng _aeng |
||
| 082 | _aZ3,18231, L0 | ||
| 100 | _aMartin J.N. | ||
| 245 | 0 | _aDaly's Club Law | |
| 250 | _a6th | ||
| 260 |
_aLondon _bButterwoths & Company Britain _c1970 |
||
| 300 | _a308 | ||
| 650 |
_aCLUB LAW _9705443 |
||
| 942 |
_hZ3,18231, L0 _cTEXL |
||
| 999 |
_c1183275 _d1183275 |
||